| 000 | 00497 a2200169 4500 | ||
|---|---|---|---|
| 003 | NUST | ||
| 005 | 20251021102345.0 | ||
| 040 | _cNust | ||
| 082 | _a621.382,ZAK | ||
| 100 |
_aZaka, Capt Hammad TE-36 _9131288 |
||
| 245 |
_aDesign & fabrication of electronic private automatic branch exchange (EPABX) / _bCapt Hammad Zaka, Capt Umar Shahzad TE-36 |
||
| 260 |
_aRawalpindi _bMCS _c2003 |
||
| 300 | _a173 p., | ||
| 650 |
_aTE-36 _9131289 |
||
| 651 |
_aUG EE Projects _9131290 |
||
| 942 |
_cPR _2ddc |
||
| 999 |
_c188632 _d188632 |
||